00351nam a2200157Ia 4500008004100000020001400041245002300055245001800078260001500096260001600111260000900127300001400136300002500150300001000175500000800185170705s9999 xx 000 0 und d a439288274 aWemberly worried / cKevin Henkes. aNew York : bScholastic, c2000 aunpaged : bcolor illustration ; c26cm. a170